00355 a2200133 4500001000700000020001800007040002200025041001600047082002400063100001800087245007200105260003100177362001300208136003 a9788502061866 cLeonardo Da Vinci aPortuguês a657.15 C625cbC625c aCOGAN, Samuel aContabilidade gerencialbuma abordagem da teoria das restrições bSaraivac2007aSão Paulo a20070000